ঢ়
ক্ষ
ড়
ঢ়
য়
র-ফলা‌‌‌
 
 
য-ফলা
ি
 
 
রেফ
 
 
 
যুক্ত করুন/হসন্ত
Space
Enter

Art & the City : (Record no. 2793)

000 -LEADER
fixed length control field 00673nam a22002297a 4500
001 - CONTROL NUMBER
control field 4108
003 - CONTROL NUMBER IDENTIFIER
control field BD-DhUAP
005 - DATE AND TIME OF LATEST TRANSACTION
control field 20200227144804.0
008 - FIXED-LENGTH DATA ELEMENTS--GENERAL INFORMATION
fixed length control field 200227s1996 enka|||| |||| 001 0 eng d
020 ## - INTERNATIONAL STANDARD BOOK NUMBER
International Standard Book Number 1854902342
020 ## - INTERNATIONAL STANDARD BOOK NUMBER
International Standard Book Number 9781854902344
040 ## - CATALOGING SOURCE
Original cataloging agency BD-DhUAP
Language of cataloging Eng
Transcribing agency BD-DhUAP
Modifying agency BD-DhUAP
082 ## - DEWEY DECIMAL CLASSIFICATION NUMBER
Edition number 23
Classification number 711.4 ART
245 ## - TITLE STATEMENT
Title Art & the City :
Remainder of title a dream of urbanity /
Statement of responsibility, etc. Edited by John Stathatos.
260 ## - PUBLICATION, DISTRIBUTION, ETC.
Place of publication, distribution, etc. London :
Name of publisher, distributor, etc. Academy Group,
Date of publication, distribution, etc. c1996.
300 ## - PHYSICAL DESCRIPTION
Extent 96 pages :
Other physical details illustrations ;
Dimensions 30 cm.
490 ## - SERIES STATEMENT
Series statement Art & design profile no. 50.
650 ## - SUBJECT ADDED ENTRY--TOPICAL TERM
Topical term or geographic name entry element City planning.
650 ## - SUBJECT ADDED ENTRY--TOPICAL TERM
Topical term or geographic name entry element Cities and towns in art.
700 ## - ADDED ENTRY--PERSONAL NAME
Personal name Stathatos, John.
942 ## - ADDED ENTRY ELEMENTS (KOHA)
Source of classification or shelving scheme
Koha item type Book
Holdings
Withdrawn status Lost status Source of classification or shelving scheme Damaged status Not for loan Permanent Location Current Location Shelving location Date acquired Full call number Barcode Date last seen Copy number Price effective from Koha item type
          UAP Central Library UAP Central Library General Stacks 2020-02-27 711.4 ART 3010004108 2020-02-27 1 2020-02-27 Book

All rights reserved © UAP Central Library,
University of Asia Pacific.